Рефлексивная деятельность педагога как фактор повышения качества профессиональной подготовки в условиях модернизации образования; Модернизация содержания школьного образования: проблемы, решения, перспективы

Podrobná bibliografie
Parent link:Модернизация содержания школьного образования: проблемы, решения, перспективы.— 2003.— С. 173-177
Hlavní autor: Азбукина Е. Ю. Елена Юрьевна
Shrnutí:В фонде НТБ ТПУ отсутствует
Jazyk:ruština
Vydáno: 2003
Témata:
Médium: Kapitola
KOHA link:https://koha.lib.tpu.ru/cgi-bin/koha/opac-detail.pl?biblionumber=597636

MARC

LEADER 00000naa0a2200000 4500
001 597636
005 20250210090406.0
035 |a (RuTPU)RU\TPU\tpu\20975 
090 |a 597636 
100 |a 20120409d2003 k y0rusy50 ca 
101 0 |a rus 
102 |a RU 
200 1 |a Рефлексивная деятельность педагога как фактор повышения качества профессиональной подготовки в условиях модернизации образования  |f Е. Ю. Азбукина 
333 |a В фонде НТБ ТПУ отсутствует 
463 |t Модернизация содержания школьного образования: проблемы, решения, перспективы  |o материалы Всероссийской конференции, Томск, 2003 г.  |v С. 173-177  |d 2003 
610 1 |a труды учёных ТПУ 
700 1 |a Азбукина  |b Е. Ю.  |c лингвист  |c доцент Томского политехнического университета, кандидат педагогических наук  |g Елена Юрьевна  |3 (RuTPU)RU\TPU\pers\26985 
801 1 |a RU  |b 63413507  |c 20120409 
942 |c BK